000 00509nam a2200169Ia 4500
999 _c18874
_d18874
003 OSt
005 20200713122112.0
008 190216s9999||||xx |||||||||||||| ||und||
040 _coclc
082 _a954.04
_bGOV/I
100 _aGovernment Of India
_91019
245 0 _aIndia A Reference Annual 1970 /
_cGovernment Of India
260 _bPublications Division Govt. Of India,
_c1970.
300 _a661p
650 _aIndian History
942 _cBK
_2ddc
_h954.04
_iGOV/I
_k954.04
_mGOV/I